| 000 | 01069nam a2200241 i 4500 | ||
|---|---|---|---|
| 001 | 183920 | ||
| 003 | ES-MaACL | ||
| 005 | 20250626211334.0 | ||
| 008 | 141127s1852 sp d |||| | spa d | ||
| 110 | 2 |
_aComisión del Mapa Geológico de España. _93030 |
|
| 245 | 1 | 0 |
_aMemoria que comprende el resumen de los trabajos verificados en el año de 1851 por las diferentes secciones de la Comisión encargada de formar el mapa geológico de la provincia de Madrid y el general del reino _b: presentada el 4 de marzo de 1852 ... / _cpor Don Francisco de Lujan. |
| 260 |
_aMadrid : _b[s.n.], _c1852 ( _fImp. y Fund. de Eusebio Aguado) |
||
| 300 |
_a128 p., [1] h. pleg. de gráf. ; _c29 cm. |
||
| 597 | _aPort. con grab. | ||
| 610 | 2 | 4 |
_aComisión del Mapa Geológico de España- _vMemorias. _9155974 |
| 650 | 4 |
_aGeología- _zEspaña. _9138819 |
|
| 650 | 4 |
_aFlora- _zEspaña. _9152605 |
|
| 650 | 4 |
_aFauna- _zEspaña. _9152606 |
|
| 700 | 1 |
_aLuján, Francisco de. _9129140 |
|
| 852 |
_aES-MaACL _jT-1279-F-3 _z. - Donat. Bosch |
||
| 942 | _2udc | ||
| 999 |
_c183920 _d183920 |
||